| 000 | 00481nam a2200181Ia 4500 | ||
|---|---|---|---|
| 001 | 18640 | ||
| 005 | 20260306171645.0 | ||
| 008 | 260306s9999||||xx |||||||||||||| ||und|| | ||
| 041 | _aESP | ||
| 082 |
_a658.4092 _bO66 |
||
| 100 |
_aOriza Vargas, Jorge A. _eAUT |
||
| 245 | 0 |
_aDe jefe a líder: _bliderazgo basado en la inteligencia emocional y los valores |
|
| 260 | _c2012 | ||
| 300 |
_a160 páginas : _c23 cm. |
||
| 650 | _aGEN | ||
| 654 | _aCAN | ||
| 942 |
_cLIB _dJUS _fJUS _2ddc _n |
||
| 999 |
_c18640 _d18640 |
||